A Szabadság egykori főszerkesztőjének díja Balló Áron példamutató számunkra: a Szabadságot a mieinknél meglehetősen nehezebb körülmények között sikerült stabil napilappá fejlesztenie

Bibliographic Details
Format: Article
Language:Hungarian
PhysicalDescription:Fotogr.
Subjects:

MARC

LEADER 00000nab a2200000 ar4500
001 vtls009003815
003 SK-MaSNL
005 20260319071301.0
008 070522c20070519xo |||||||| 000 b|hun
015 |a SNBRB2007/05  |2 snkbucl 
038 |a SNKBUCL 
040 |a DSZK  |b slo  |c DSZK  |e AACR2 
041 0 |a hun 
044 |a xo  |c SK 
080 |a 070-051  |x (=511.141)  |x (498)  |2 1997 
080 |a 070:323.15:061.2  |x (4)  |2 1997 
080 |a 061.7  |2 1997 
245 0 0 |a A Szabadság egykori főszerkesztőjének díja  |b Balló Áron példamutató számunkra: a Szabadságot a mieinknél meglehetősen nehezebb körülmények között sikerült stabil napilappá fejlesztenie  |c [szerző] (cs) 
300 |b Fotogr. 
500 |a Na s. 13 článok Árona Ballóa z denníka Szabadság, zo dňa 13.1.2006, a skrátený nekrológ Szabadságu 
500 |a Cenu Á. Ballóovi udelili na podnet Edity Slezákné Kovács, riaditeľky Új szó 
600 1 7 |a Balló, Áron,  |d 1967-2006  |x ceny a vyznamenania  |2 snkbucl  |9 1065886 
610 2 7 |a Minority Dailies Association  |x ceny  |2 snkbucl  |9 1065887 
648 7 |a 2007  |2 snkbucl  |9 313226 
650 0 7 |a menšinové noviny  |z Európa  |2 snkbucl  |9 1065888 
650 0 7 |a Cena MIDAS  |y 2007  |2 snkbucl  |9 1065889 
773 0 |t Új szó  |g Évf. 60, sz. 114 (19.5.2007), o. 12 
773 0 8 |i Mell.:  |t Szalon  |g Évf. 1, sz. 19 (2007) 
852 |a SNK  |b KIS3GCP 
852 |a DSZK  |b KIS3GCP 
958 |a HU 
958 |a RO 
999 |c 1751870  |d 1753800